000 00736nam a2200241Ia 4500
003 OSt
005 20220926010602.0
006 a|||||r|||| 00| 0
007 ta
008 220923b |||||||| |||| 00| 0 eng d
037 _cGeneral Book
040 _aRTL
_cRTL
_beng
041 _2eng
_aeng
082 _aX9(J).5962.L00<--J00, L4
100 _aDe Vries Jan
_979835
245 0 _aDutch rural economy in the golden age, 1500-1700
260 _aNew Haven
_bYale University
_c1974
300 _axv, 316p. Bib p 285-305
_ccm.
490 _aYale Series in Economic History
650 _aAgricultural Industry
942 _hX9(J).5962.L00<--J00, L4
_cGB
_2CC
999 _c617677
_d617677